<?xml version="1.0" encoding="UTF-8"?><?xml-stylesheet type="text/xsl" href="static/style.xsl"?><OAI-PMH xmlns="http://www.openarchives.org/OAI/2.0/" xmlns:xsi="http://www.w3.org/2001/XMLSchema-instance" xsi:schemaLocation="http://www.openarchives.org/OAI/2.0/ http://www.openarchives.org/OAI/2.0/OAI-PMH.xsd"><responseDate>2026-06-01T23:34:57Z</responseDate><request verb="GetRecord" identifier="oai:riuma.uma.es:10630/38251" metadataPrefix="marc">https://riuma.uma.es/rest/oai/request</request><GetRecord><record><header><identifier>oai:riuma.uma.es:10630/38251</identifier><datestamp>2026-02-03T11:26:33Z</datestamp><setSpec>com_10630_2254</setSpec><setSpec>col_10630_37953</setSpec></header><metadata><record xmlns="http://www.loc.gov/MARC21/slim" xmlns:dcterms="http://purl.org/dc/terms/" xmlns:doc="http://www.lyncode.com/xoai" xmlns:xsi="http://www.w3.org/2001/XMLSchema-instance" xsi:schemaLocation="http://www.loc.gov/MARC21/slim http://www.loc.gov/standards/marcxml/schema/MARC21slim.xsd">
   <leader>00925njm 22002777a 4500</leader>
   <datafield ind2=" " ind1=" " tag="042">
      <subfield code="a">dc</subfield>
   </datafield>
   <datafield ind2=" " ind1=" " tag="720">
      <subfield code="a">Blanco-Diaz, María</subfield>
      <subfield code="e">author</subfield>
   </datafield>
   <datafield ind2=" " ind1=" " tag="720">
      <subfield code="a">Vielva Gómez, Ana</subfield>
      <subfield code="e">author</subfield>
   </datafield>
   <datafield ind2=" " ind1=" " tag="720">
      <subfield code="a">Legasa-Susperregui, Marina</subfield>
      <subfield code="e">author</subfield>
   </datafield>
   <datafield ind2=" " ind1=" " tag="720">
      <subfield code="a">Pérez Domínguez, Borja</subfield>
      <subfield code="e">author</subfield>
   </datafield>
   <datafield ind2=" " ind1=" " tag="720">
      <subfield code="a">Medrano-Sánchez, Esther M.</subfield>
      <subfield code="e">author</subfield>
   </datafield>
   <datafield ind2=" " ind1=" " tag="720">
      <subfield code="a">Díaz-Mohedo, Esther</subfield>
      <subfield code="e">author</subfield>
   </datafield>
   <datafield ind2=" " ind1=" " tag="260">
      <subfield code="c">2024</subfield>
   </datafield>
   <datafield ind2=" " ind1=" " tag="520">
      <subfield code="a">Background: Pelvic floor dysfunctions (PFDs) encompass an array of conditions with discrepant classification systems, hampering accurate prevalence estimation. Despite potentially affecting up to 25% of women during their lifetime, many remain undiagnosed, underestimating the true extent.&#xd;
&#xd;
Objectives: This cross-sectional study aimed to examine the impacts of the menstrual cycle on PFDs and dysfunctions. Secondary objectives included investigating differences between athletic and nonathletic women.&#xd;
&#xd;
Methods: An online questionnaire examined the effects of the menstrual cycle (MC) on 477 women's pelvic symptoms (aged 16-63 years), stratified by athletic status. This ad hoc instrument built upon a validated screening tool for female athletes.&#xd;
&#xd;
Results: Most participants reported symptom fluctuations across menstrual phases, with many modifying or reducing exercise participation. A concerning number experienced daily undiagnosed pelvic floor symptoms, emphasizing needs for comprehensive medical evaluation.&#xd;
&#xd;
Conclusions: Exacerbated pelvic symptoms showed complex relationships with menstruation, highlighting the importance of considering the MC in customized clinical management approaches. Symptoms demonstrated differential links to menstruation, indicating needs for individualized evaluation and tailored treatment plans based on symptom profiles and hormonal interactions. Educating professionals and patients remains essential to enhancing awareness, detection, and therapeutic outcomes. Further controlled longitudinal research should elucidate intricate relationships between menstrual cycles and pelvic symptom variability.</subfield>
   </datafield>
   <datafield ind1="8" ind2=" " tag="024">
      <subfield code="a">Blanco-Diaz M, Vielva-Gomez A, Legasa-Susperregui M, Perez-Dominguez B, Medrano-Sánchez EM, Diaz-Mohedo E. Exploring Pelvic Symptom Dynamics in Relation to the Menstrual Cycle: Implications for Clinical Assessment and Management. J Pers Med. 2024 Feb 23;14(3):239. doi: 10.3390/jpm14030239. PMID: 38540981; PMCID: PMC10970855.</subfield>
   </datafield>
   <datafield ind1="8" ind2=" " tag="024">
      <subfield code="a">https://hdl.handle.net/10630/38251</subfield>
   </datafield>
   <datafield ind1="8" ind2=" " tag="024">
      <subfield code="a">10.3390/jpm14030239</subfield>
   </datafield>
   <datafield tag="653" ind2=" " ind1=" ">
      <subfield code="a">Ciclo menstrual</subfield>
   </datafield>
   <datafield tag="653" ind2=" " ind1=" ">
      <subfield code="a">Suelo pélvico - Fisiopatología - Tratamiento</subfield>
   </datafield>
   <datafield ind2="0" ind1="0" tag="245">
      <subfield code="a">Exploring Pelvic Symptom Dynamics in Relation to the Menstrual Cycle: Implications for Clinical Assessment and Management.</subfield>
   </datafield>
</record>
</metadata></record></GetRecord></OAI-PMH>